Where are Passport Controls Driving from Europe? - Statistics

General Stats
  • This quiz has been taken 65 times
  • The average score is 9 of 11
Answer Stats
from country % Correct
Norway, Finland, Poland, Lithuania Russia
93%
Poland, Slovakia, Hungary Ukraine
93%
Lithuania, Latvia, Poland Belarus
89%
Greece Turkey
89%
Hungary Serbia
85%
Greece Albania
84%
Hungary Romania
80%
Hungary, Slovenia Croatia
78%
Greece Bulgaria
75%
Greece Montenegro
69%
France, Spain Andorra
51%
No matching quizzes found
Score Distribution
Percent of People with Each Score
Percentile by Number Answered
Your Score History
You have not taken this quiz